Digital transformation of Europe´s industry and enterprises as competitiveness factor

Salvato in:
Dettagli Bibliografici
Autore principale: Vargová, Andrea
Natura: Capitolo di libro
Lingua:slovacco
Soggetti:
Tags: Aggiungi Tag
Nessun Tag, puoi essere il primo ad aggiungerne!!

MARC

LEADER 00000naa$a2200000$$$4500
001 0226296
005 20240502073722.9
041 0 |a slo 
044 |a SK 
245 1 0 |a Digital transformation of Europe´s industry and enterprises as competitiveness factor  |c Andrea Vargová 
610 2 0 |a digitalizácia 
610 2 0 |a transformácia 
610 2 0 |a konkurencieschopnosť 
610 2 0 |a konkurencia medziodvetvová 
610 2 0 |a konkurencia medzinárodná 
610 2 0 |a Európa 
100 1 |a Vargová, Andrea